Managing workplace conflicts (Record no. 153755)

MARC details
000 -LEADER
fixed length control field 00579nam a22001937a 4500
003 - CONTROL NUMBER IDENTIFIER
control field dpl
005 - DATE AND TIME OF LATEST TRANSACTION
control field 20180710141517.0
008 - FIXED-LENGTH DATA ELEMENTS--GENERAL INFORMATION
fixed length control field 180710b xxu||||| |||| 00| 0 eng d
020 ## - INTERNATIONAL STANDARD BOOK NUMBER
International Standard Book Number 8178814153
Terms of availability 300.00
035 ## - SYSTEM CONTROL NUMBER
System control number B-181762
040 ## - CATALOGING SOURCE
Original cataloging agency DPL
Language of cataloging EN
Transcribing agency 0
082 ## - DEWEY DECIMAL CLASSIFICATION NUMBER
Classification number 658.408
Item number MAN
245 ## - TITLE STATEMENT
Title Managing workplace conflicts
Statement of responsibility, etc /edited by V.Subbulakshmi
260 ## - PUBLICATION, DISTRIBUTION, ETC. (IMPRINT)
Place of publication, distribution, etc Hyderabad
Name of publisher, distributor, etc ICFAI Books
Date of publication, distribution, etc 2005
270 ## - ADDRESS
Address 52, Nagarjuna Hills, Punjagutta
City Hyderabad
Postal code 500082
300 ## - PHYSICAL DESCRIPTION
Extent vii, 151p.
Dimensions 23cm.
700 ## - ADDED ENTRY--PERSONAL NAME
Personal name V.Subbulakshmi
942 ## - ADDED ENTRY ELEMENTS (KOHA)
Source of classification or shelving scheme Dewey Decimal Classification
Koha item type English Books
Classification part 658.408
Call number suffix MAN
Holdings
Withdrawn status Lost status Source of classification or shelving scheme Damaged status Not for loan Collection code Home library Current library Date acquired Source of acquisition Cost, normal purchase price Total Checkouts Full call number Barcode Date last seen Cost, replacement price Price effective from Koha item type
    Dewey Decimal Classification     Non-fiction Patel Nagar Patel Nagar 10/07/2018 BPPD/PUB 300.00   658.408 MAN B-181762 10/07/2018 300.00 10/07/2018 English Books

© Delhi Public Library
Hit Counter
free hit counter